000 00227nam a2200097Ia 4500
008 120527s9999 xx 000 0 und d
100 _aZOHAR,Joseph.
245 _aTreating resistant depression.
260 _bP.M.A.
942 _cBK
999 _c23965
_d23965